Final Energy Use in Building Sector in the Slovak Republic

Cieľom článku je zosumarizovať oficiálne národné štatistické údaje o konečnej energetickej spotrebe (KES) v sektore budov v SR, porovnať ich s údajmi z európskej databázy IDEES, identifikovať problematické oblasti a chýbajúce údaje, prezentovať prípadné doplňujúce údaje a navrhnúť odporúčania.

Gespeichert in:
Bibliographische Detailangaben
1. Verfasser: Korytárová, Katarína
Format: Buchkapitel
Sprache:Slowakisch
Schlagworte:
Tags: Tag hinzufügen
Keine Tags, Fügen Sie das erste Tag hinzu!

MARC

LEADER 00000naa a2200000 4500
001 0297273
005 20231127103510.1
041 0 |a slo 
044 |a SK 
245 1 0 |a Final Energy Use in Building Sector in the Slovak Republic  |c Katarína Korytárová 
520 |a Cieľom článku je zosumarizovať oficiálne národné štatistické údaje o konečnej energetickej spotrebe (KES) v sektore budov v SR, porovnať ich s údajmi z európskej databázy IDEES, identifikovať problematické oblasti a chýbajúce údaje, prezentovať prípadné doplňujúce údaje a navrhnúť odporúčania. 
610 2 0 |a energetika 
610 2 0 |a spotreba energie 
610 2 0 |a domácnosti 
610 2 0 |a budovy 
610 2 0 |a údaje štatistické 
100 1 |a Korytárová, Katarína